Begins with 'VI' Quiz Stats

 Plays Quiz Updated Oct 21, 2014

Challenge
Share
Tweet
Embed
Score 0/26 Timer 06:00
8 Plays Today
Clue Answer % Correct
A small infectious agent for your body or your computerVirus
95.9%
Country whose largest cities include Ho Chi Minh City, Hanoi and HaiphongVietnam
95%
A snake or a V10-powered sports car made by DodgeViper
93.8%
Instrument tuned a fifth lower than a violinviola
90.6%
Little blue pill manufactured by PfizerViagra
86.3%
Leif Ericsson, Hagar the Horrible or Fran TarkentonViking
85.2%
Commonwealth whose cities include Fairfax, Danville, Richmond and NorfolkVirginia
84.6%
Immoral habit or practice or a screw apparatusVice
81.2%
A female foxvixen
81.1%
Hue on the shortwave end of the visible spectrum, with wavelengths of about 380 to 420 nanometersviolet
78.8%
Someone who takes the law into his own hands, like Batman but without the snappy costumevigilante
78.1%
Constellation between Leo and LibraVirgo
76.6%
A distant view or a Microsoft Windows operating systemVista
75.3%
Clue Answer % Correct
Italian composer of The Four Seasons (last name)Vivaldi
56.1%
City from which the Habsburg monarchs ruledVienna
55.2%
A representative usually of any ecclesiastic entity possibly in DibleyVicar
54.2%
Term for a musician with masterful skillvirtuoso
51.6%
The soft internal organs of the bodyviscera
49.4%
Capital of the Seychelles and of British ColumbiaVictoria
49.4%
The oldest and largest Catholic university in the Commonwealth of PennsylvaniaVillanova University
33.1%
City on bluffs above the Mississippi, besieged by Union forces during the Civil WarVicksburg
32.8%
Capital of LithuaniaVilnius
27.3%
A surgery conducted for experimental purposes on a living organismVivisection
26.4%
Spanish Primera DivisiĆ³n football club which plays in the Madrigal stadiumVillarreal CF
11.7%
1995 techno thriller with Denzel Washington and Russell CroweVirtuosity
9.6%
One of the seven hills of ancient RomeViminal
3%

You're not logged in!

Compare scores with friends on all Sporcle quizzes.
Join for Free
OR
Log In

You Might Also Like...

Show Comments

Extras

Top Quizzes Today


Score Distribution

Your Account Isn't Verified!

In order to create a playlist on Sporcle, you need to verify the email address you used during registration. Go to your Sporcle Settings to finish the process.

Report this User

Report this user for behavior that violates our Community Guidelines.

Details: